000 01161naa a22003137a 4500
001 BR6900220
003 BR-BrBNA
005 20240918173346.0
007 ta
008 230509b bl.||||| |||| 00| 0 por d
040 _aBR-BrBNA
_bpor
_cBiblioteca Nacional de Agricultura
041 _a(Pt)
072 _aF60
_b2110
_bG514
090 _aF60 BR6900220
100 1 _aWinder, J.A.
100 1 _aSilva, P.
111 1 _a2. Reuniao Anual da Sociedade Brasileira de Entomologia
_cRecife, PE (Brazil)
_d1 Dec 1969
245 1 _aEntomofilia do cacaueiro (Theobrama cacao L.): REVISAO BIBLIOGRAFICA E PESQUISAS NA Bahia [Fisiologia vegetal; Brasil]
260 3 _aRecife, PE (Brasil):
_c1969.
500 _aResumos da 2. Reuniao Anual da Sociedade Brasileira de Entomologia Recife, PE (Brasil): 1969. p. 105-106 (BR6900220-AM)F60
650 _aFisiologia vegetal
650 _aCacau
650 _aPolinizacao
650 _aInseto
650 _aBahia
773 0 _tResumos da 2. Reuniao Anual da Sociedade Brasileira de Entomologia
_wF60 BR6900220
_gRecife, PE (Brasil), 1969. p. 105-106
909 _a202404
_bLucia
_c55
_dLucia Elande
942 _cAM
_2AGRIS
999 _c304156
_d304156